000 00767nam a22002417a 4500
005 20170124105923.0
010 _aA-779805
020 _c70.00
_a8123715412
035 _aA-779805
037 _bCen Lib/Ret
040 _aDPL
_bEN
082 _a398.2450996
100 _aGreaves,Nick
_9138867
245 _aWhen hippo was hairy :
_cby Nick Greaves ; illustrated by Rod Clement
_bAnd other tales from Africa /
260 _aIndia
_bNational book trust
_c1998
270 _aA-5,Green park
_bNew Delhi
300 _a143p. :
_c20cm(Hb)
_bill.
500 _aIncludes glossary and bibliography reference
650 _aMedical science
_9138868
650 _aZoology
_9138869
700 _aClement,Rod
_9138870
942 _2ddc
_cEN
_h398.2450996
_mGRE
999 _c123271
_d123271